Đa thức nội suy và ứng dụng
Đề tài tiến hành nghiên cứu và xây dựng đa thức nội suy trên một đoạn [a, b] nào đó cho trước, đa thức nội suy Lagrange, đa thức nội suy Newton, đa thức nội suy Hermitte của hàm số đã cho. Đồng thời ứng dụng đa thức nội suy trong việc tính tổng của một dãy cho trước, chứng minh bất đẳng thức, tính g...
Đã lưu trong:
| Tác giả chính: | |
|---|---|
| Tác giả khác: | |
| Định dạng: | Sách |
| Ngôn ngữ: | Vietnamese |
| Được phát hành: |
Đà Nẵng
Đại học Đà Nẵng
2015
|
| Những chủ đề: | |
| Các nhãn: |
Thêm thẻ
Không có thẻ, Là người đầu tiên thẻ bản ghi này!
|
| Thư viện lưu trữ: | Mạng thư viện Đại học Đà Nẵng |
|---|
| LEADER | 01855nam a2200349 4500 | ||
|---|---|---|---|
| 001 | 000023312 | ||
| 003 | 19762 | ||
| 005 | 20151201161208.0 | ||
| 008 | 150915s2015 viesd | ||
| 041 | |a vie | ||
| 082 | 1 | 4 | |a 511.422 |b NG-T |
| 100 | 1 | |a Nguyễn Thị Hoài Thương | |
| 245 | 1 | |a Đa thức nội suy và ứng dụng |c Nguyễn Thị Hoài Thương ; Lê Hải Trung hướng dẫn. |k Luận văn Thạc sĩ | |
| 260 | |a Đà Nẵng |b Đại học Đà Nẵng |c 2015 | ||
| 300 | |a 54 tr., phụ lục 3 tr. |c 29 cm. |e Tóm tắt | ||
| 500 | |a Luận văn thạc sĩ Khoa học. Chuyên ngành: Phương pháp toán sơ cấp. Mã số: 60.46.01.13 | ||
| 520 | 3 | |a Đề tài tiến hành nghiên cứu và xây dựng đa thức nội suy trên một đoạn [a, b] nào đó cho trước, đa thức nội suy Lagrange, đa thức nội suy Newton, đa thức nội suy Hermitte của hàm số đã cho. Đồng thời ứng dụng đa thức nội suy trong việc tính tổng của một dãy cho trước, chứng minh bất đẳng thức, tính gần đúng, sai số, hệ số của một hàm số... | |
| 650 | 0 | 4 | |a Giải tích số (toán học) |v Luận văn tốt nghiệp |x Ứng dụng |
| 653 | |a Giải tích số | ||
| 653 | |a Phương pháp toán sơ cấp | ||
| 653 | |a Đa thức nội suy | ||
| 700 | 1 | |a Lê Hải Trung |c TS. |e Hướng dẫn | |
| OWN | |a LSP | ||
| AVA | |a UDN50 |b LSP |d 511.422 NG-T |e available |t Error 5001 Not defined in file expand_doc_bib_avail. |f 1 |g 0 |h N |i 0 |k 1 | ||
| 999 | |a From the UDN01 | ||
| AVA | |a UDN50 |b LSP |d 511.422 NG-T |e available |t Error 5001 Not defined in file expand_doc_bib_avail. |f 1 |g 0 |h N |i 0 |k 1 | ||
| TYP | |a Monograph | ||
| TYP | |a Printed language | ||
| 980 | |a Mạng thư viện Đại học Đà Nẵng | ||